Music Quiz

Random Music or Rock Quiz
Score 0/30 Timer 06:00
10 Plays Today
% Correct
Pink Floyd - Dark Side of the Moon
95.9%
Michael Jackson - Thriller
90.2%
Nirvana - Nevermind
86.9%
The Beatles - Abbey Road
84.1%
Guns N' Roses - Appetite for Destruction
78.5%
Green Day - American Idiot
72.5%
U2 - The Joshua Tree
67.9%
Eagles - Hotel California
67.9%
The Doors - The Doors
66.6%
Bruce Springsteen - Born in the U.S.A.
62.7%
Bob Dylan - Highway 61 Revisited
61%
Fleetwood Mac - Rumours
59%
David Bowie - Aladdin Sane
57.5%
Prince & the Revolution - Purple Rain
55.1%
Radiohead - OK Computer
53.3%
% Correct
Bob Marley and the Wailers - Legend
51%
Led Zeppelin - Led Zeppelin
50.7%
The Beach Boys - Pet Sounds
50.5%
The Who - Who's Next
48.9%
The White Stripes - Elephant
46.1%
Oasis - (What's the Story) Morning Glory
45.5%
Marvin Gaye - What's Going On
44.9%
The Clash - London Calling
43.1%
Dr. Dre - The Chronic
36.1%
Amy Winehouse - Back to Black
35.1%
Pearl Jam - Ten
34.6%
The Rolling Stones - Exile on Main St
32.1%
Elvis Presley - Elvis Presley
26.8%
Stevie Wonder - Songs in the Key of Life
24.2%
Alanis Morissette - Jagged Little Pill
21.9%
Remove Ads.
Support Sporcle.
Get the best of Sporcle when you Go Orange. This ad-free experience offers more features, more stats, and more fun while also helping to support Sporcle. Thank you for becoming a member.

You're not logged in!

Compare scores with friends on all Sporcle quizzes.
OR
Log In

Show Comments

Extras

Top Quizzes Today


Score Distribution

Your Account Isn't Verified!

In order to create a playlist on Sporcle, you need to verify the email address you used during registration. Go to your Sporcle Settings to finish the process.

Report this User

Report this user for behavior that violates our Community Guidelines.

Details: